| 000 | 00648nam a22002057a 4500 | ||
|---|---|---|---|
| 003 | OSt | ||
| 005 | 20260422072636.0 | ||
| 008 | 260422b |||||||| |||| 00| 0 eng d | ||
| 020 | _a0-697-36246-9 | ||
| 040 |
_aDWC-Main lib _cOC |
||
| 082 |
_2 7th ed. _aCirc. 150 L183 2001 |
||
| 100 | _aSchneider, Steven A. | ||
| 245 |
_aStudent study guide to accompany psychology : _ban introduction/ _cSteven A. Schneider |
||
| 250 | _a7th ed. | ||
| 260 |
_aBoston : _b McGraw-Hill Companies, Inc., _cc2001 |
||
| 300 |
_avii, _b324 p. : _c27 cm. |
||
| 650 | _a1. Psychology | ||
| 700 | _aBenjamin B. Lahey | ||
| 942 |
_2ddc _cBK-CIRC _e 7th ed. _kCirc. _n0 |
||
| 999 |
_c9713 _d9713 |
||